Co to za darter po przetłumaczonym przydomek? - Statystyki

Ogólne statystyki
  • Ten quiz został rozwiązany 132 razy
  • Średni wynik to 6 z 25
Statystyki odpowiedzi
Przydomek po PL Darter % Poprawnych
Pocisk Stephen Bunting
86%
Potężny Mike Michael van Gerwen
65%
Ściana Martin Schindler
42%
Zamrożenie Danny Noppert
40%
Prawdziwa Oferta Mike de Decker
37%
Książę Walii Lewy Williams
34%
Karabin Maszynowy Jermaine Wattimena
33%
Drzewiasty Luke Woodhouse
31%
Żmija Nathan Aspinall
28%
Smuga Ross Smith
22%
Fryzjer Ryan Meikle
22%
Snajper Connor Scutt
20%
Rozbić Martin Lukeman
17%
Potrójne Z Niels Zonneveld
17%
Śruba Sebastian Białecki
16%
Cyklon Clonoe Mickey Mansell
15%
Szalony Mnich Arron Monk
13%
Naturalny Nathan Rafferty
13%
Tłumik Jeff Smith
12%
Żartowniś John O'Shea
11%
Duży Pies Adam Smith-Neale
8%
Dolina Vladimir Andersen
8%
Dan Człowiek Daniel Klose
7%
Ulotki Richard Veenstra
7%
Zagadka Brian Raman
4%
Nie znaleziono quizów pasujących do podanych kryteriów
Rozkład punktacji
Procent ludzi z każdym wynikiem
Percentyl według liczby udzielonych odpowiedzi
Twoja historia wyników
Nie rozwiązałeś tego quizu